Library of the University of Algiers 3
Ibrahim Sultan Cheibout
شعار جامعة الجزائر 3
مكتبة جامعة الجزائر 3
إبراهيم سلطان شيبوط

العولمة و الديمقراطية : (رقم التسجيلة. 42708)

تفاصيل مارك
000 -LEADER
fixed length control field 00535nam a2200169Ia 4500
003 - CONTROL NUMBER IDENTIFIER
control field Ost
005 - DATE AND TIME OF LATEST TRANSACTION
control field 20260507075054.0
008 - FIXED-LENGTH DATA ELEMENTS--GENERAL INFORMATION
fixed length control field 260507s9999||||xx |||||||||||||| ||und||
040 ## - CATALOGING SOURCE
Transcribing agency fsecg
041 ## - LANGUAGE CODE
Language code of text/sound track or separate title ara
082 ## - DEWEY DECIMAL CLASSIFICATION NUMBER
Classification number 330
100 ## - MAIN ENTRY--PERSONAL NAME
Personal name مجيد، كمال
Relator term مؤلف
245 #0 - TITLE STATEMENT
Title العولمة و الديمقراطية :
Remainder of title دراسة لاثر العولمة على العالم و العراق /
Statement of responsibility, etc. كمال مجيد
260 ## - PUBLICATION, DISTRIBUTION, ETC.
Place of publication, distribution, etc. [دون مكان]:
Name of publisher, distributor, etc. [دون ناشر],
Date of publication, distribution, etc. 2002
300 ## - PHYSICAL DESCRIPTION
Extent 293 صفحة؛
942 ## - ADDED ENTRY ELEMENTS (KOHA)
Koha item type كتب
المقتنيات
Withdrawn status Lost status Source of classification or shelving scheme Damaged status Not for loan Home library Current library Date acquired Serial enumeration / chronology Inventory number Total checkouts Full call number Barcode Date last seen Price effective from Koha item type
    Dewey Decimal Classification   NOT LOAN / إعارة داخلية مكتبة كلية العلوم الإقتصادية والعلوم التجارية وعلوم التسيير مكتبة كلية العلوم الإقتصادية والعلوم التجارية وعلوم التسيير 07/05/2026 الطابق الأرضي 795/1   أ/795ن1 795/1 07/05/2026 07/05/2026 كتب

موارد الويب المفتوحة


© University of Algiers 3 All Rights Reserved
|
Implemented by LECHELAH Riad